000 011330000a22002770004500
003 EG-GICUC
005 20250223025253.0
008 080515s2003 ua d f m 000 0 eng d
040 _aEG-GICUC
_beng
_cEG-GICUC
041 0 _aEng
049 _aGift
097 _aM.Sc
099 _aCai01.13.11.M.Sc.2003.Na.D
100 0 _aNasser Mohamed Radwan Shelil
245 1 0 _aDesign of an optimal feedback controller for large scale systems /
_cNasser Mohamed Radwan Shelil ; Supervised M.Ali Abouelenin , Gamal Abbass Zaghloul
246 1 5 _aتصميم منظومة تحكم مثلى ذات تغذية خلفية للمنظومات كبيرة الابعاد
260 _aPort Said :
_bNasser Mohamed Radwan Shelil ,
_c2003
300 _a156P. :
_bcharts ;
_c25cm
502 _aThesis (M.Sc.) - Suez Canal University - Faculty Of Engineering , Port Said - Department Of Mechanical Power Engineering
700 0 _aGamal Abbass Zaghloul ,
_eSupervisor
700 0 _aMohamed Ali Abouelenin ,
_eSupervisor
856 _uhttp://172.23.153.220/th.pdf
905 _aFatma
_eCataloger
905 _aNazla
_eRevisor
942 _2ddc
_cTH
999 _c9344
_d9344